[Event "Maidenhead Berks & Bucks B"]
[Site "Maidenhead"]
[Date "2019.08.26"]
[Round "5"]
[White "Arora, Tashika"]
[Black "Zhu, Feng"]
[Result "0-1"]
[WhiteElo "1447"]
[BlackElo "1474"]
[PlyCount "138"]
[EventDate "2019.08.24"]
[EventType "swiss"]
[EventRounds "6"]
[EventCountry "ENG"]
[SourceTitle "EXT 2025"]
[Source "ChessBase"]
[SourceDate "2024.10.14"]
[SourceVersion "1"]
[SourceVersionDate "2024.10.14"]
[SourceQuality "1"]

1. d4 Nf6 2. Nf3 e6 3. Bf4 b6 4. e3 Bb7 5. Be2 Be7 6. 0-0 Nh5 7. Be5 d6 8. Bg3 0-0 9. c4 Nxg3 10. hxg3 Bf6 11. Nc3 Nd7 12. Rc1 Re8 13. b4 a6 14. Qd2 c5 15. a3 cxd4 16. Nxd4 Bxd4 17. exd4 Nf6 18. Rfd1 Qe7 19. Na4 Qd7 20. Qc2 Be4 21. Qb3 Qb7 22. Bf3 b5 23. Nb2 Bxf3 24. gxf3 h6 25. c5 dxc5 26. dxc5 Rac8 27. Nd3 Qxf3 28. Qc2 e5 29. a4 e4 30. Nf4 e3 31. Rd3 g5 32. Nh3 Qg4 33. Qb2 Nh5 34. Kg2 Qe4+ 35. f3 Qxd3 36. g4 Qd2+ 37. Qxd2 exd2 38. Rd1 Rcd8 39. gxh5 Re1 40. Nf2 Rde8 41. c6 Rxd1 42. Nxd1 Rc8 43. axb5 axb5 44. Kf2 Rxc6 45. Ke2 Rc4 46. Kxd2 Rxb4 47. Ne3 Rh4 48. Ng4 Rxg4 49. fxg4 f5 50. gxf5 g4 51. Kd3 b4 52. Kd4 g3 53. Ke3 b3 54. Kf3 b2 55. Kxg3 b1Q 56. Kf4 Kf7 57. Ke5 Qe1+ 58. Kd5 Kf6 59. Kd4 Kxf5 60. Kd5 Qd1+ 61. Kc5 Ke5 62. Kc4 Qd4+ 63. Kb3 Qc5 64. Kb2 Kd4 65. Kb3 Kd3 66. Kb2 Qc3+ 67. Kb1 Qd2 68. Ka1 Kc3 69. Kb1 Qb2# 0-1

[Event "Maidenhead Berks & Bucks B"]
[Site "Maidenhead"]
[Date "2019.08.25"]
[Round "3"]
[White "Karanam, Syam Prasad"]
[Black "Zhu, Feng"]
[Result "0-1"]
[WhiteElo "1398"]
[BlackElo "1474"]
[PlyCount "62"]
[EventDate "2019.08.24"]
[EventType "swiss"]
[EventRounds "6"]
[EventCountry "ENG"]
[SourceTitle "EXT 2025"]
[Source "ChessBase"]
[SourceDate "2024.10.14"]
[SourceVersion "1"]
[SourceVersionDate "2024.10.14"]
[SourceQuality "1"]

1. e4 c5 2. c3 d5 3. Bb5+ Bd7 4. Qa4 dxe4 5. Bxd7+ Qxd7 6. Qxe4 Nf6 7. Qe2 e6 8. Nf3 Be7 9. Na3 a6 10. Nc4 Nc6 11. Nb6 Qd8 12. Nxa8 Qxa8 13. 0-0 0-0 14. d4 Re8 15. Bg5 cxd4 16. cxd4 Nd5 17. Bxe7 Ndxe7 18. a3 Nf5 19. Rad1 Rd8 20. Qe4 Nce7 21. Rd3 Rd5 22. Rfd1 Nd6 23. Ne5 Nxe4 24. Nc4 Qd8 25. b4 Nc6 26. f3 Nc3 27. Rxc3 Rxd4 28. Rdc1 Rd1+ 29. Kf2 Rxc1 30. Rxc1 b5 31. Ne3 Qd2+ 0-1

[Event "GBR-ch U1750 106th"]
[Site "Torquay"]
[Date "2019.08.02"]
[Round "5"]
[White "Zhu, Feng"]
[Black "Andrews, Norman G"]
[Result "0-1"]
[WhiteElo "1417"]
[BlackElo "1618"]
[PlyCount "98"]
[EventDate "2019.07.29"]
[EventType "swiss"]
[EventRounds "7"]
[EventCountry "ENG"]
[SourceTitle "EXT 2025"]
[Source "ChessBase"]
[SourceDate "2024.10.14"]
[SourceVersion "1"]
[SourceVersionDate "2024.10.14"]
[SourceQuality "1"]

1. d4 Nf6 2. Bf4 d6 3. Nf3 g6 4. Nc3 Bg7 5. Qd2 Be6 6. Ng5 Bd7 7. f3 h6 8. Nge4 Nxe4 9. Nxe4 Nc6 10. c3 e5 11. dxe5 Nxe5 12. Bxe5 Bxe5 13. e3 f5 14. Nf2 Qe7 15. f4 Bxf4 16. Qe2 Qxe3 17. Qxe3+ Bxe3 18. Bc4 0-0-0 19. 0-0 Bc6 20. Kh1 d5 21. Bb3 Bb5 22. Nd1 Bxf1 23. Nxe3 Bc4 24. Bxc4 dxc4 25. Nxc4 Rhe8 26. Kg1 Re2 27. Kf1 Re7 28. Re1 Rxe1+ 29. Kxe1 Re8+ 30. Kf2 Kd7 31. b3 Ke6 32. Ne3 b5 33. c4 bxc4 34. Nxc4 Kd5 35. Na5 Ke4 36. Ke2 f4 37. Kf2 Kd3 38. Nc6 Kc2 39. Nb4+ Kb2 40. Nd3+ Kxa2 41. Nxf4 Rf8 42. Ke3 g5 43. Nd5 Kxb3 44. Nxc7 a5 45. Ke2 a4 46. Nb5 Kb4 47. Nd4 Rc8 48. Kd2 a3 49. Nc2+ Kb3 0-1

[Event "Coventry Warwickshire Major U1975"]
[Site "Coventry"]
[Date "2019.02.24"]
[Round "4"]
[White "Kumar, Soham"]
[Black "Zhu, Feng"]
[Result "1-0"]
[WhiteElo "1259"]
[BlackElo "1457"]
[PlyCount "95"]
[EventDate "2019.02.22"]
[EventType "swiss"]
[EventRounds "5"]
[EventCountry "ENG"]
[SourceTitle "EXT 2025"]
[Source "ChessBase"]
[SourceDate "2024.10.14"]
[SourceVersion "1"]
[SourceVersionDate "2024.10.14"]
[SourceQuality "1"]

1. e4 c5 2. Nf3 g6 3. Bc4 Bg7 4. Nc3 Nc6 5. 0-0 e6 6. Re1 Nf6 7. e5 Ng4 8. Bb3 Ngxe5 9. Ne4 d6 10. Nxe5 Bxe5 11. d3 0-0 12. Qg4 Bg7 13. Bg5 f5 14. Qg3 Qc7 15. Nxc5 Nd4 16. Na4 Nxb3 17. cxb3 Be5 18. f4 Bg7 19. Rac1 Qd7 20. Rc2 b5 21. Nc3 Ba6 22. Rce2 Rfe8 23. Kh1 Rac8 24. Qh3 b4 25. Na4 Bb5 26. Bh6 Bxa4 27. bxa4 Qxa4 28. Bxg7 Kxg7 29. b3 Qa3 30. Qe3 e5 31. Qd2 Rc3 32. d4 e4 33. d5 Rd3 34. Qc2 Rc3 35. Qd2 Rd3 36. Qc2 Rc3 37. Qd2 Rd3 38. Qc2 Rxd5 39. Qc6 Rc5 40. Qxe8 Rc1 41. Qe7+ Kg8 42. Qe6+ Kg7 43. Qd7+ Kg8 44. Qxd6 Rxe1+ 45. Rxe1 Qxa2 46. Qxb4 Qf2 47. Rc1 Kg7 48. Qe7+ 1-0

[Event "GBR-ch U1750 op 105th"]
[Site "Hull"]
[Date "2018.08.02"]
[Round "4"]
[White "Zhu, Feng"]
[Black "Bhandari, Arya Neel"]
[Result "1-0"]
[WhiteElo "1489"]
[BlackElo "1121"]
[PlyCount "97"]
[EventDate "2018.07.30"]
[EventType "swiss"]
[EventRounds "5"]
[EventCountry "ENG"]
[SourceTitle "EXT 2021"]
[Source "ChessBase"]
[SourceDate "2020.10.23"]
[SourceVersion "1"]
[SourceVersionDate "2020.10.23"]
[SourceQuality "1"]

1. e4 e5 2. Nf3 Nf6 3. Nc3 Nc6 4. Bb5 Bc5 5. 0-0 a6 6. Bxc6 dxc6 7. h3 Qd6 8. d3 0-0 9. Be3 b5 10. Bxc5 Qxc5 11. d4 exd4 12. Qxd4 Qxd4 13. Nxd4 Bb7 14. e5 Nd7 15. e6 c5 16. Ndxb5 axb5 17. exd7 Bc6 18. a3 Bxd7 19. Ne4 Bf5 20. Nxc5 Bxc2 21. Rac1 Bf5 22. g4 Bg6 23. Nd7 Rfc8 24. Rfe1 Ra6 25. Rxc7 Raa8 26. Rec1 Rxc7 27. Rxc7 f6 28. Rb7 Be8 29. Rb8 Rxb8 30. Nxb8 Kf7 31. Na6 Ke6 32. Nc7+ Kd7 33. Nxb5 Kc6 34. Nc3 Kc5 35. Ne4+ Kd4 36. Nd6 Bd7 37. Nf5+ Kc4 38. Nxg7 Kb3 39. Nh5 f5 40. Nf6 Be6 41. Nxh7 fxg4 42. h4 Bf7 43. Nf6 Kxb2 44. a4 Be6 45. a5 Bc8 46. h5 Kc3 47. h6 Bf5 48. h7 Bxh7 49. Nxh7 1-0